Представление документа в формате MARC21

Поле Инд. ПП Название Значение
Тип записи a
Библиографический уровень m
001 Контрольный номер RU/IS/BASE/623847107
005 Дата корректировки 20220805121051.6
040 b Код языка каталог. rus
041 0_ a Код языка текста rus
080 a Индекс УДК 004.42
084 a Индекс другой классификации/Индекс ББК 32.973.26-018.2
090 a Полочн. индекс 681.3
c Каталожный индекс 681.325.5
x Авторский знак Р27
097 b Оператор 11
100 1_ a Автор Рац Г.
245 10 a Заглавие Технология разработки программ для микропроцессорных систем на базе языка CDL-2
260 a Место издания М.
b Издательство [б. и.]
c Дата издания 1984
300 a Объем 66 с.
510 a Примечание о ссылках Книги и методические пособия
650 14 a Основная рубрика 50.41 Программное обеспечение вычислительных машин, комплексов и сетей
x Основная подрубрика 50.41.17 Системное программное обеспечение
653 1_ a Ключевые слова программы (выч. техника); микропроцессоры; языки программирования; микропроцессорные системы
901 t Тип документа m